[Event "ARG-ch sf Amateur sf 20"]
[Site "Villaguay"]
[Date "2019.12.06"]
[Round "2.3"]
[White "Lopez Ortiz, Juan"]
[Black "Ledesma, Israel"]
[Result "1-0"]
[WhiteElo "2285"]
[BlackElo "1886"]
[PlyCount "95"]
[EventDate "2019.12.06"]
[EventType "swiss"]
[EventRounds "6"]
[EventCountry "ARG"]
[SourceTitle "EXT 2024"]
[Source "ChessBase"]
[SourceDate "2023.10.10"]
[SourceVersion "1"]
[SourceVersionDate "2023.10.10"]
[SourceQuality "1"]

1. e4 d6 2. d4 Nf6 3. Nc3 g6 4. Bg5 Bg7 5. e5 Nfd7 6. exd6 cxd6 7. Qd2 h6 8. Be3 a6 9. a4 Nf6 10. f3 Qa5 11. Rb1 Nc6 12. Bc4 Bd7 13. Nge2 Rc8 14. b3 Nb4 15. 0-0 d5 16. Bd3 Nxd3 17. cxd3 Qb4 18. Rfc1 g5 19. Qe1 Bf5 20. Qd2 Rc6 21. Re1 0-0 22. Bf2 Rfc8 23. Rec1 e6 24. Be1 Bg6 25. h4 Nh7 26. hxg5 Bxd4+ 27. Kh1 hxg5 28. Nxd5 Qxd2 29. Ne7+ Kg7 30. Bxd2 Rxc1+ 31. Bxc1 Re8 32. Nxg6 Bf6 33. Ngf4 gxf4 34. Bxf4 Rd8 35. d4 Nf8 36. Rc1 Ng6 37. Be3 Rd7 38. Rc8 Ne7 39. Rc4 e5 40. dxe5 Bxe5 41. f4 Bf6 42. Ng3 Rd3 43. Re4 Nd5 44. Nh5+ Kg6 45. Nxf6 Nxe3 46. Ng8 Rxb3 47. Ne7+ Kf6 48. Rxe3 1-0

[Event "Gualeguaychu Baggio Cup"]
[Site "Gualeguaychu"]
[Date "2019.11.09"]
[Round "4"]
[White "Landra, Augusto"]
[Black "Ledesma, Israel"]
[Result "1-0"]
[WhiteElo "1881"]
[BlackElo "1879"]
[PlyCount "57"]
[EventDate "2019.11.08"]
[EventType "swiss"]
[EventRounds "6"]
[EventCountry "ARG"]
[SourceTitle "EXT 2021"]
[Source "ChessBase"]
[SourceDate "2020.10.23"]
[SourceVersion "1"]
[SourceVersionDate "2020.10.23"]
[SourceQuality "1"]

1. e4 c5 2. Nf3 d6 3. d4 cxd4 4. Nxd4 Nf6 5. Nc3 a6 6. Bg5 e6 7. a4 Nbd7 8. Bc4 Qc7 9. Qe2 Ne5 10. Bb3 Be7 11. 0-0-0 Bd7 12. f4 Nc6 13. g4 Na5 14. Ba2 Rc8 15. e5 dxe5 16. fxe5 Nd5 17. Ne4 Bxg5+ 18. Nxg5 Nb4 19. Bb1 Bxa4 20. Rhf1 0-0 21. Qe4 g6 22. h4 Qc4 23. Rf3 Rfd8 24. Nxf7 Rf8 25. Nd6 Na2+ 26. Bxa2 Qxa2 27. Ra3 Rf2 28. Rxa2 Rcxc2+ 29. Nxc2 1-0

[Event "ARG-ch sf Cup"]
[Site "Villaguay/Entre Rios"]
[Date "2018.12.16"]
[Round "5.10"]
[White "Ledesma, Israel"]
[Black "Avila, Mauro"]
[Result "1-0"]
[WhiteElo "1884"]
[BlackElo "1612"]
[PlyCount "69"]
[EventDate "2018.12.14"]
[EventType "swiss"]
[EventRounds "6"]
[EventCountry "ARG"]
[SourceTitle "EXT 2024"]
[Source "ChessBase"]
[SourceDate "2023.10.10"]
[SourceVersion "1"]
[SourceVersionDate "2023.10.10"]
[SourceQuality "1"]

1. e4 e5 2. Nf3 Nc6 3. Bc4 d6 4. d4 Nxd4 5. Nxd4 exd4 6. Qxd4 Qf6 7. Qe3 g6 8. Nc3 Be6 9. Nd5 Bxd5 10. exd5+ Qe7 11. Bb5+ Kd8 12. 0-0 Qxe3 13. fxe3 f6 14. b4 Bh6 15. Rf3 Ne7 16. c4 c6 17. dxc6 bxc6 18. Ba4 Bg7 19. Bb2 Rf8 20. e4 Kc7 21. Raf1 Ng8 22. b5 c5 23. e5 fxe5 24. Rf7+ Kb6 25. Rxg7 Rxf1+ 26. Kxf1 Rf8+ 27. Ke2 Nf6 28. Bc3 Nh5 29. Rd7 Nf4+ 30. Kd2 Rf6 31. g3 Ng2 32. Ke2 h5 33. Bc2 h4 34. Be4 hxg3 35. Rb7# 1-0

[Event "ARG-ch sf Cup"]
[Site "Villaguay/Entre Rios"]
[Date "2018.12.15"]
[Round "3.11"]
[White "Ledesma, Israel"]
[Black "Kalala, Daniel"]
[Result "1-0"]
[WhiteElo "1884"]
[BlackElo "1528"]
[PlyCount "37"]
[EventDate "2018.12.14"]
[EventType "swiss"]
[EventRounds "6"]
[EventCountry "ARG"]
[SourceTitle "EXT 2024"]
[Source "ChessBase"]
[SourceDate "2023.10.10"]
[SourceVersion "1"]
[SourceVersionDate "2023.10.10"]
[SourceQuality "1"]

1. e4 e5 2. Nf3 Nc6 3. d4 exd4 4. Nxd4 Nxd4 5. Qxd4 c5 6. Qd3 b6 7. Qd5 Ne7 8. Qxa8 Nc6 9. Bb5 Nb4 10. Na3 Qc7 11. Bf4 Qb7 12. Qxb7 Bxb7 13. c3 a6 14. cxb4 cxb4 15. 0-0-0 axb5 16. Nxb5 Bc5 17. Bd6 Bxf2 18. Bxb4 Be3+ 19. Kc2 1-0

[Event "Concepcion del Uruguay U2200"]
[Site "Concepcion del Uruguay"]
[Date "2018.08.19"]
[Round "5.3"]
[White "Abdenur, Luciano"]
[Black "Ledesma, Israel"]
[Result "1-0"]
[WhiteElo "1936"]
[BlackElo "1873"]
[PlyCount "78"]
[EventDate "2018.08.18"]
[EventType "swiss"]
[EventRounds "5"]
[EventCountry "ARG"]
[SourceTitle "EXT 2024"]
[Source "ChessBase"]
[SourceDate "2023.10.10"]
[SourceVersion "1"]
[SourceVersionDate "2023.10.10"]
[SourceQuality "1"]

1. e4 c5 2. Nf3 d6 3. d4 cxd4 4. Nxd4 Nf6 5. Nc3 a6 6. Bg5 e6 7. h4 b5 8. a3 Nbd7 9. f3 Qc7 10. Qd2 Bb7 11. Rd1 d5 12. exd5 Qg3+ 13. Qf2 Qxf2+ 14. Kxf2 Nxd5 15. Nxd5 Bxd5 16. Nxb5 axb5 17. Bxb5 Rc8 18. Rxd5 exd5 19. Re1+ Be7 20. Rxe7+ Kf8 21. Bxd7 f6 22. Re2 Rd8 23. Bc6 fxg5 24. hxg5 Kf7 25. Re5 d4 26. Ke2 Rd6 27. Bd5+ Kg6 28. Kd3 Rb8 29. b3 Rc8 30. Bc4 Rc7 31. a4 h6 32. gxh6 gxh6 33. a5 Kf6 34. Re4 h5 35. b4 Rg7 36. a6 Rxg2 37. a7 Rd8 38. Bd5 Rgg8 39. Bxg8 Rxg8 1-0

[Event "Entrerriano-ch"]
[Site "Argentina"]
[Date "2017.09.24"]
[Round "5"]
[White "Ledesma, Israel"]
[Black "Sarli, Arnoldo"]
[Result "1-0"]
[WhiteElo "1872"]
[BlackElo "1683"]
[PlyCount "114"]
[EventDate "2017.09.22"]
[EventType "swiss"]
[EventRounds "6"]
[EventCountry "ARG"]
[SourceTitle "CBM 180 Extra"]
[Source "ChessBase"]
[SourceDate "2017.10.06"]
[SourceVersion "1"]
[SourceVersionDate "2017.10.06"]
[SourceQuality "1"]

1. e4 e5 2. Nf3 Nc6 3. Bc4 Be7 4. d4 exd4 5. Nxd4 d6 6. Nxc6 bxc6 7. Nc3 Nf6 8. 0-0 0-0 9. Bf4 Nd7 10. Qh5 Bf6 11. Rad1 g6 12. Qe2 Re8 13. e5 Nxe5 14. Ne4 Be6 15. Bxe6 Rxe6 16. Nxf6+ Qxf6 17. Be3 c5 18. h3 Nd7 19. Qb5 Qd8 20. b3 a6 21. Qa4 Qc8 22. Rfe1 Rb8 23. Qf4 Rb4 24. c4 Rb8 25. Bd2 Nf8 26. Bc3 Qd8 27. Qh6 f6 28. h4 Qd7 29. h5 Qg7 30. Qf4 g5 31. Qf5 Rbe8 32. Rxe6 Rxe6 33. Rd3 Qe7 34. Qf3 Nd7 35. Qd5 Nb6 36. Qf5 Nd7 37. Rg3 h6 38. Kh2 Ne5 39. f4 Nd7 40. fxg5 fxg5 41. Rf3 Ne5 42. Rf1 Kg7 43. Qe4 Rf6 44. Re1 Re6 45. Kh1 Qf7 46. g4 Kg8 47. Kg2 Qe8 48. Qd5 Kg7 49. Qb7 Qe7 50. Qxa6 Kh7 51. Qc8 Kg7 52. a4 Kf7 53. a5 Nd7 54. Rf1+ Nf6 55. Qxe6+ Qxe6 56. Rxf6+ Qxf6 57. Bxf6 Kxf6 1-0

[Event "Tack Memorial U2200"]
[Site "Gualeguaychu"]
[Date "2017.03.12"]
[Round "4"]
[White "Ledesma, Israel"]
[Black "Landra, Augusto"]
[Result "0-1"]
[WhiteElo "1914"]
[BlackElo "1939"]
[PlyCount "72"]
[EventDate "2017.03.11"]
[EventType "swiss"]
[EventRounds "5"]
[EventCountry "ARG"]
[SourceTitle "EXT 2024"]
[Source "ChessBase"]
[SourceDate "2023.10.10"]
[SourceVersion "1"]
[SourceVersionDate "2023.10.10"]
[SourceQuality "1"]

1. e4 e5 2. Nf3 Nc6 3. d4 exd4 4. Nxd4 Bc5 5. Nb3 Bb6 6. Qe2 d6 7. Be3 Qe7 8. Nc3 Nf6 9. f3 Be6 10. Bxb6 axb6 11. 0-0-0 0-0 12. g4 Ne5 13. Kb1 c6 14. Nd4 b5 15. Nf5 Bxf5 16. exf5 Qc7 17. g5 Nfd7 18. f4 Nc4 19. Qh5 Nxb2 20. Kxb2 Qa5 21. Rd3 Qb4+ 22. Kc1 Qxf4+ 23. Kd1 Ne5 24. Rh3 Qxf5 25. Qh4 Ng4 26. Kc1 Nf2 27. Bd3 Nxd3+ 28. Rxd3 Rfe8 29. Rhd1 d5 30. Qd4 Qxg5+ 31. Kb2 Qe7 32. Nb1 Ra4 33. Qc3 Rea8 34. a3 b4 35. axb4 Rxb4+ 36. Kc1 Rc4 0-1